Statistics for CBS Sports 50 greatest NBA players

Click here to take the quiz!

General Stats

  • This quiz has been taken 195 times
  • The average score is 32 of 50

Answer Stats

Jersey NumberAnswer% Correct
223Lebron James
100%
123Michael Jordan
99%
1024Kobe Bryant
94%
432Magic Johnson
93%
833Larry Bird
92%
934Shaquille O’Neal
91%
533Kareem Abdul-Jabbar
90%
313Wilt Chamberlain
90%
1930Stephen Curry
87%
66Bill Russell
82%
1344Jerry West
82%
721Tim Duncan
81%
2435Kevin Durant
80%
1741Dirk Nowitzki
77%
253Dwyane Wade
76%
1632Karl Malone
74%
1134Hakeem Olajuwon
73%
142Moses Malone
73%
186Julius Erving
69%
343Allen Iverson
68%
155Kevin Garnett
68%
2233Scottie Pippen
67%
2813Steve Nash
67%
350Isiah Thomas
66%
2032Charles Barkley
64%
2312John Stockton
64%
2750David Robinson
63%
1214Oscar Robertson
63%
4634Ray Allen
62%
295Jason Kidd
60%
213Chris Paul
59%
3834Paul Pierce
57%
3614Bob Cousy
56%
3133Patrick Ewing
56%
3022Clyde Drexler
52%
2622Elgin Baylor
50%
4731Reggie Miller
50%
4821Dominique Wilkins
48%
4432Kevin McHale
47%
4220Gary Payton
45%
3317John Havlicek
45%
459Bob Pettit
43%
3799George Mikan
42%
4344George Gervin
39%
502Kawhi Leonard
37%
3924Rick Barry
37%
3210Walt Frazier
37%
4111Elvin Hayes
36%
4921Dwight Howard
32%
404Dolph Schayes
24%

Score Distribution

Percentile by Number Answered

Percent of People with Each Score

Your Score History

You have not taken this quiz